Охрана труда для руководителей и специалистов организации: электронный курс

書誌詳細
第一著者: Авдеева И. И. Ирина Ивановна
団体著者: Национальный исследовательский Томский политехнический университет Школа базовой инженерной подготовки Отделение общетехнических дисциплин
その他の著者: Романцов И. И. Игорь Иванович, Гуляев М. В. Милий Всеволодович
要約:Заглавие с экрана
Основной целью курса является приобретение слушателями необходимых знаний по охране труда для их применения в практической деятельности с целью создания безопасных условий труда на рабочих местах за счет организации работ в соответствии с государственными нормативными требованиями охраны труда, а также снижение уровней травматизма и профессиональных заболеваний.
Доступ по логину и паролю
言語:ロシア語
出版事項: Томск, TPU Moodle, 2020
主題:
オンライン・アクセス:https://design.lms.tpu.ru/course/view.php?id=3676
フォーマット: 電子媒体 図書
KOHA link:https://koha.lib.tpu.ru/cgi-bin/koha/opac-detail.pl?biblionumber=667543

MARC

LEADER 00000nlm0a2200000 4500
001 667543
005 20240111141539.0
035 |a (RuTPU)RU\TPU\network\38748 
035 |a RU\TPU\network\38747 
090 |a 667543 
100 |a 20220331d2020 m y0rusy50 ca 
101 0 |a rus 
102 |a RU 
105 |a a j 000zy 
135 |a jrcn ---uucaa 
181 0 |a i  
182 0 |a b 
200 1 |a Охрана труда для руководителей и специалистов организации  |e электронный курс  |f И. И. Авдеева, И. И. Романцов, М. В. Гуляев  |g Национальный исследовательский Томский политехнический университет, Школа базовой инженерной подготовки, Отделение общетехнических дисциплин 
203 |a Текст  |c электронный 
210 |a Томск  |c TPU Moodle  |d 2020 
300 |a Заглавие с экрана 
330 |a Основной целью курса является приобретение слушателями необходимых знаний по охране труда для их применения в практической деятельности с целью создания безопасных условий труда на рабочих местах за счет организации работ в соответствии с государственными нормативными требованиями охраны труда, а также снижение уровней травматизма и профессиональных заболеваний. 
333 |a Доступ по логину и паролю 
606 1 |a Охрана труда  |x Экономика  |2 stltpush  |3 (RuTPU)RU\TPU\subj\36585  |9 57914 
610 1 |a электронный ресурс 
610 1 |a труды учёных ТПУ 
610 1 |a электронное обучение 
610 1 |a электронные курсы ТПУ 
610 1 |a электронные учебные пособия 
610 1 |a электронные образовательные ресурсы 
610 1 |a Moodle 
610 1 |a e-learning 
610 1 |a заочное обучение 
610 1 |a дистанционное обучение 
610 1 |a дистанционное образование 
610 1 |a профессиональные риски 
610 1 |a безопасность 
610 1 |a безопасность труда 
610 1 |a рабочие места 
610 1 |a производственная деятельность 
610 1 |a требования 
610 1 |a социальная защита 
686 |a У9(2)248я73  |2 rubbk 
700 1 |a Авдеева  |b И. И.  |c специалист в области экологии и безопасности жизнедеятельности  |c инженер Томского политехнического университета  |f 1979-  |g Ирина Ивановна  |3 (RuTPU)RU\TPU\pers\37028  |9 20043 
701 1 |a Романцов  |b И. И.  |c специалист в области экологии и безопасности жизнедеятельности  |c доцент Томского политехнического университета, кандидат технических наук  |f 1967-  |g Игорь Иванович  |3 (RuTPU)RU\TPU\pers\32975  |9 16820 
701 1 |a Гуляев  |b М. В.  |c специалист в области экологии и безопасности жизнедеятельности  |c доцент Томского политехнического университета  |f 1946-  |g Милий Всеволодович  |3 (RuTPU)RU\TPU\pers\26050 
712 0 2 |a Национальный исследовательский Томский политехнический университет  |b Школа базовой инженерной подготовки  |b Отделение общетехнических дисциплин  |3 (RuTPU)RU\TPU\col\23550 
801 2 |a RU  |b 63413507  |c 20220810  |g RCR 
856 4 |u https://design.lms.tpu.ru/course/view.php?id=3676 
942 |c CF